| 000 | 00410nam a22001697a 4500 | ||
|---|---|---|---|
| 003 | IBSLLIB | ||
| 005 | 20260515060417.0 | ||
| 008 | 260515b |||||||| |||| 00| 0 eng d | ||
| 040 |
_aIBSLLIB _beng |
||
| 041 | _hEng | ||
| 082 |
_a336.2 _bGUI |
||
| 100 | _aVAT Branch | ||
| 245 | _aGuide to Value Added Tax (VAT) | ||
| 260 |
_aColombo : _bVAT Branch , _c2003 |
||
| 300 |
_a208 ; _c23 cm |
||
| 942 | _cLBK | ||
| 999 |
_c22140 _d22140 |
||